000 00266nam a2200109Ia 4500
008 230907s9999||||xx |||||||||||||| ||und||
082 _a697.93
_bASH
245 0 _aAshrae guideline 0-2013 :
260 _aASHRAE,
_bAtlanta, GA :
_c2013
300 _a65 p.
942 _cBK
999 _c599515
_d599515